Gaming Quiz

Random Gaming or Mario Quiz

Mario, Zelda, or Kirby Characters Quiz Stats

Quiz not verified by Sporcle

Challenge
Share
Tweet
Embed
Score 0/36 Timer 10:00
0 Plays Today
Character M, Z, or K % Correct
Saria???
98.5%
Mario???
97.1%
Toad???
97.1%
Donkey Kong ???
97.1%
Wario ???
97.1%
Vaati ???
97.1%
Magolor???
97.1%
Drawcia???
97.1%
Kirby???
95.6%
Peach???
95.6%
King Dedede???
95.6%
Luigi???
95.6%
Meta Knight ???
95.6%
Knuckle Joe???
95.6%
Midna???
95.6%
Young Link???
95.6%
Nightmare ???
95.6%
Yin-Yarn???
95.6%
Character M, Z, or K % Correct
Tingle???
95.6%
Rosalina???
95.6%
Bowser Jr.???
95.6%
Zelda???
94.1%
Link???
94.1%
Ganondorf ???
94.1%
Yoshi???
94.1%
Ghirahim ???
94.1%
Dark Matter???
94.1%
Bowser???
94.1%
Dark Mind???
94.1%
Agahnim???
94.1%
Marx???
94.1%
Daisy???
94.1%
Queen Sectonia ???
94.1%
Waluigi???
94.1%
Young Zelda ???
94.1%
Yuga???
94.1%

You're not logged in!

Compare scores with friends on all Sporcle quizzes.
Sign Up with Email
OR
Log In

You Might Also Like...

Show Comments

Extras

Top Quizzes Today


Score Distribution

Your Account Isn't Verified!

In order to create a playlist on Sporcle, you need to verify the email address you used during registration. Go to your Sporcle Settings to finish the process.